| 000 | 00515nam a2200193 i 4500 | ||
|---|---|---|---|
| 001 | 23828 | ||
| 003 | ES-MaACL | ||
| 005 | 20230906152937.0 | ||
| 007 | t| | ||
| 008 | 021212s1973 sp ||||1| spa d | ||
| 100 | 1 |
_aAndino, Alberto. _921489 |
|
| 245 | 1 | 0 |
_aMartí y España / _cAlberto Andino. |
| 260 |
_aMadrid : _bPlayor, _c[1973] |
||
| 300 |
_a184 p. ; _c19 cm. |
||
| 490 | 1 | _aPlaza Mayor Scholar | |
| 830 | 0 |
_aPlaza Mayor Scholar _9181264 |
|
| 852 |
_aES-MaACL _jC-54961 _bR.87704 |
||
| 999 |
_c23828 _d23828 |
||